000
00304nam a22001337a 4500
020
_a
817826572-9
082
_a
001
_b
NEW/Q
100
_a
NEWMANN, JIM T
245
_a
QUIZ BOOK OF SCIENCE
260
_a
DELHI
_b
ROHAN BOOK COMPANY
_c
2004
300
_a
160
650
_a
GENERAL KNOWLEDGE
_z
INDIA
942
_c
BK
999
_c
6599
_d
6599